Central Library OPAC University of Rajshahi

নওয়াব সিদ্দীক হাসান খান ভূপালী (রহঃ) : (Record no. 78017)

MARC details
000 -LEADER
fixed length control field 02069nam a2200301 a 4500
001 - CONTROL NUMBER
control field 78017
003 - CONTROL NUMBER IDENTIFIER
rucl marc code BD-RjUL
005 - DATE AND TIME OF LATEST TRANSACTION
control field 20211209083058.0
008 - FIXED-LENGTH DATA ELEMENTS--GENERAL INFORMATION
fixed length control field 210304s2006 bg a|||| m||| 00| 0 ben d
035 ## - SYSTEM CONTROL NUMBER
System control number (BD-RjUL)78243
040 ## - CATALOGING SOURCE
Original cataloging agency BD-RjUL
Language of cataloging ben /eng
Transcribing agency BD-RjUL
Modifying agency BD-RjUL
041 ## - LANGUAGE CODE
Language code of text/sound track or separate title ben
082 ## - DEWEY DECIMAL CLASSIFICATION NUMBER
Classification number 297.61
Author mark and year UBN 2006
Edition number 23
100 ## - MAIN ENTRY--PERSONAL NAME
Personal name উবায়দুল্লাহ, মুহা.
9 (RLIN) 245538
245 10 - TITLE STATEMENT
Title নওয়াব সিদ্দীক হাসান খান ভূপালী (রহঃ) :
Remainder of title হাদীছ শাস্ত্রে তাঁর অবদান /
Statement of responsibility, etc. মুহা. উবায়দুল্লাহ ;
Linkage গবেষণা তত্ত্বাবধায়ক : মু. আবদুল হক
260 ## - PUBLICATION, DISTRIBUTION, ETC. (IMPRINT)
Place of publication, distribution, etc. রাজশাহী :
Name of publisher, distributor, etc. আরবী বিভাগ, রাজশাহী বিশ্ববিদ্যালয়,
Date of publication, distribution, etc. ২০০৬
300 ## - PHYSICAL DESCRIPTION
Pagination xviii, ৪০১ পাতা :
Illustrations চিএ ;
Size ২৯ সেমি.
502 ## - DISSERTATION NOTE
Dissertation note থিসিস ( পিএইচ. ডি,) -- আরবী বিভাগ, রাজশাহী বিশ্ববিদ্যালয়, ২০০৬
504 ## - BIBLIOGRAPHY, ETC. NOTE
Bibliography, etc গ্রন্থপঞ্জী : পাতা ৩৬৪-৩৮০
600 ## - SUBJECT ADDED ENTRY--PERSONAL NAME
Personal name খান, সিদ্দীক হাসান,
Titles and other words associated with a name --ভূপালের নওয়াব,
Dates associated with a name --১৮৩২-১৮৯০ খ্রিষ্টাব্দ
General subdivision সমালোচনা ও ব্যাখা
Personal name Khan, Siddiq Hasan,
Titles and other words associated with a name --Nawab of Bhopal,
Dates associated with a name 1832 - 1890 A. D.
General subdivision Criticism and Interpretation
650 ## - SUBJECT ADDED ENTRY--TOPICAL TERM
Topical term or geographic name as entry element হাদিস
General subdivision সমালোচনা, ব্যাখ্যা ইত্যাদি
9 (RLIN) 245582
Topical term or geographic name as entry element Hadith
General subdivision Criticism, interpretation, etc.
9 (RLIN) 245583
Topical term or geographic name as entry element মুসলিম পণ্ডিত -
Geographic subdivision ভারত
-- ভূপাল
General subdivision জীবনী
9 (RLIN) 245588
Topical term or geographic name as entry element Muslim scholars
Geographic subdivision India
-- Bhopal
General subdivision Biography.
9 (RLIN) 245589
700 ## - ADDED ENTRY--PERSONAL NAME
Personal name হক, মু. আবদুল, গবেষণা তত্ত্বাবধায়ক
942 ## - ADDED ENTRY ELEMENTS (KOHA)
Source of classification or shelving scheme Dewey Decimal Classification
Koha item type Theses
Holdings
Lost status Source of classification or shelving scheme Damaged status Not for loan Collection code Permanent Location Current Location Shelving location Date acquired Source of acquisition Total Checkouts Full call number Date last seen Copy number Koha item type
  Dewey Decimal Classification   Not For Loan Theses Central Library, University of Rajshahi Central Library, University of Rajshahi Documentation Section 10/02/2007 Controller of Exam., R.U   BTHE 297.61 UBN 2006 04/03/2021 C-1 Theses